Inventario del Archivo de los Condes de Priego : Sección Nobleza del Archivo Histórico Nacional. /
Guardado en:
| Institution som forfatter: | |
|---|---|
| Andre forfattere: | |
| Format: | Bog |
| Sprog: | Spanish |
| Udgivet: |
Madrid :
Ministerio de Educación y Cultura. Subdirección General de los Archivos Estatales,
D.L. 1999.
|
| Fag: | |
| Tags: |
Tilføj Tag
Ingen Tags, Vær først til at tagge denne postø!
|
MARC
| LEADER | 00000nam a2200000 i 4500 | ||
|---|---|---|---|
| 001 | CSIC000878316 | ||
| 005 | 20150811110111.0 | ||
| 008 | 000523s1999 espj 001 0 spa d | ||
| 020 | |a 8436932781 | ||
| 040 | |a ES-MaCSI |b spa |c VL |d CIICLA | ||
| 082 | |a 016.929.209 |b A675i | ||
| 245 | 1 | 0 | |a Inventario del Archivo de los Condes de Priego : |b Sección Nobleza del Archivo Histórico Nacional. / |c [elaborado por Aránzazu Lafuente Urién]. |
| 260 | |a Madrid : |b Ministerio de Educación y Cultura. Subdirección General de los Archivos Estatales, |c D.L. 1999. | ||
| 300 | |a 355 páginas ; |c 24 centímetros. | ||
| 500 | |a Índices | ||
| 600 | 1 | 4 | |a PRIEGO, CONDES DE |x ARCHIVO |v INVENTARIOS |
| 600 | 1 | 4 | |a PRIEGO, CONDES DE |x HISTORIA |v FUENTES |
| 610 | 1 | 4 | |a ARCHIVO HISTORICO NACIOAL (ESPAÑA). SECCION NOBLEZA |v INVENTARIOS |
| 700 | 1 | |a Lafuente Urién, Aránzazu | |
| 710 | 1 | |a España |b Ministerio de Educación y Cultura |b Subdirección General de Archivos Estatales | |
| 942 | |2 ddc |c REF | ||
| 999 | |c 4460 |d 4460 | ||



